| 000 | 00507cam a22001818i 4500 | ||
|---|---|---|---|
| 020 | _a9781612123639 | ||
| 020 | _a1612123635 | ||
| 040 | _cAGL | ||
| 082 | 0 | 0 | _a635 ADD 1995 C162 Or. |
| 100 | 1 | _aBradley, Fern Marshall | |
| 245 | 1 | 0 |
_aSaving vegetable seeds : _bharvest, clean, store, and plant seeds from your garden / |
| 300 |
_a91 pages : _billustrations ; _c18 cm. |
||
| 490 | 1 | _aA Storey basics title | |
| 500 | _aIncludes index. | ||
| 650 | 0 | _aVegetables | |
| 650 | 0 | _aVegetables | |
| 942 | _cAEDBB | ||
| 999 |
_c19292 _d19292 |
||